LEADER 01304nam a2200301 i 4500 001 000000225652 003 CaOOAMICUS 005 20131213000000.0 008 131213s1984 it u000 u ita u 013 $a204554 020 $a88-404-1102-X 040 $aSeMil$bita 100 1 $aOberhuber, Konrad.$0(OLS)http://semarc/name/41811 245 10$aRaffaello :$bi disegni /$cEckhart Knab, Erwin Mitsch, Konrad Oberhuber ; con la collaborazione di Sylvia Ferino Pagden ; edizione italiana a cura di Paolo Dal Poggetto. 250 $a2. ed. 260 $aFirenze :$bNardini,$c1984. 300 $a685 p. :$bill., ritr. ;$c32 cm. 500 $aIn custodia. 700 1 $aKnab, Eckhart.$0(OLS)http://semarc/name/49135 700 1 $aDal Poggetto, Paolo.$0(OLS)http://semarc/name/48432 700 1 $aFerino Pagden, Sylvia.$0(OLS)http://semarc/name/17343 700 1 $aMitsch, Erwin.$0(OLS)http://semarc/name/78394 850 $aSeMil 852 $aSeMil$W1$xVenegono$y1$m5N IX 65$j175998$B175998$CSeMilBibl$Z2$F187625 $81 961 $aOmaggio: Grampa dott. Cesare 996 $6020$a88-404-1102-X$9(OLS)http://semarc/number/226614 996 $6245$aRaffaello :$bi disegni$9(OLS)http://semarc/title/323230 996 $6260$aFirenze :$bNardini$9(OLS)http://semarc/publisher/31399 LEADER 01218nam a2200241 i 4500 001 000000056265 003 CaOOAMICUS 005 20170627000000.0 008 170627s1875 it u000 u ita u 013 $a27437 040 $aSeMil$bita 245 10$aManuale grande della primaria e delle altre pie unioni delle Figlie di Maria sotto il patrocinato della V. Immacolata e di S. Agnese /$ccompilatoa da Alberto Passeri ; ed approvato dal card. Patrizi ... notabilmente modificato. 250 $a14. Ed. 260 $aRoma :$bTip. cattolica di Chiapperini e C.,$c1875. 300 $a479 p. ;$c15 cm. 650 4$aConfraternite - Regole.$0(OLS)http://semarc/subject/11412 700 1 $aPasseri, Alberto.$0(OLS)http://semarc/name/28441 700 1 $aFiglie di Maria.$0(OLS)http://semarc/name/28440 850 $aSeMil 852 $aSeMil$W1$xVenegono$y1$m3F I 578 FA$j22419$B22419$CSeMilBibl$Z2$F22421 $8I 961 $aOmaggio: Donazione 996 $6245$aManuale grande della primaria e delle altre pie unioni delle Figlie di Maria sotto il patrocinato della V. Immacolata e di S. Agnese$9(OLS)http://semarc/title/402590 996 $6260$aRoma :$bTip. cattolica di Chiapperini e C.$9(OLS)http://semarc/publisher/56289